000 00321nam a2200157Ia 4500
100 _aBanker/Ashok K
650 _aFiction
942 _cBK
366 _f25
245 _aFlute of Vrindavan
260 _bHarper collins
_c2011
082 _a808.3
_bBAN
300 _a241
546 _aENGLISH
_cComputers
999 _c21303
_d21303